| 000 | 00000nam 2200000zi 4500 |
| 001 | 9.816459 |
| 003 | CaOODSP |
| 005 | 20221107142246 |
| 006 | m o d f |
| 007 | cr cn||||||||| |
| 008 | 160503t20142014pic ob f000 0 fre d |
| 020 | |a9780660053158 |
| 040 | |aCaOODSP|bfre|erda|cCaOODSP |
| 043 | |an-cn--- |
| 086 | 1 |aV32-267/2016F-PDF |
| 245 | 00|aLignes de faible revenu et sécurité financière à la retraite : |bdocument d'appui à l'examen de la Nouvelle Charte des anciens combattants / |cMary Beth MacLean, Teresa Pound, Cheryl Dalziel, Stewart Macintosh. |
| 264 | 1|aCharlottetown (Î.-P.-É.) Canada : |bAnciens combattants Canada = Veterans Affairs Canada, |c2014. |
| 264 | 4|c©2014 |
| 300 | |a1 ressource en ligne (13 pages). |
| 336 | |atexte|2rdacontent/fre |
| 337 | |ainformatique|2rdamedia/fre |
| 338 | |aressource en ligne|2rdacarrier/fre |
| 490 | 1 |aRapport de données de la Direction de la recherche |
| 500 | |aPublié aussi en anglais sous le titre : Low income lines and financial security in retirement: in support of the New Veterans Charter review. |
| 500 | |aTitre de la couverture. |
| 500 | |a« 14 novembre 2014. » |
| 504 | |aComprend des références bibliographiques (pages 10-11). |
| 692 | 07|2gccst|aAncien combattant |
| 692 | 07|2gccst|aConditions économiques |
| 700 | 1 |aPound, Teresa, |eauteur. |
| 700 | 1 |aDalziel, Cheryl, |eauteur. |
| 700 | 1 |aMacintosh, Kenneth, |eauteur. |
| 710 | 1 |aCanada. |bAnciens combattants Canada. |bDirection de la recherche. |
| 775 | 08|tLow income lines and financial security in retirement : |w(CaOODSP)9.816458 |
| 830 | #0|aRapport sur les données (Anciens combattants Canada. Direction de la recherche)|w(CaOODSP)9.879707 |
| 856 | 40|qPDF|s193 Ko|uhttps://publications.gc.ca/collections/collection_2016/acc-vac/V32-267-2016-fra.pdf |